000 00661nam a2200241Ia 4500
003 OSt
005 20220926012807.0
006 a|||||r|||| 00| 0
007 ta
008 220923b |||||||| |||| 00| 0 eng d
037 _cGeneral Book
040 _aRTL
_cRTL
_beng
041 _2eng
_aeng
082 _aX:8DOr741, M1
100 _aBierman Harold
_913251
245 0 _aFinancial management and inflation
260 _aNew York
_bFree Press USA
_c1981
300 _avii, 175p.
_ccm.
500 _aBibliography chapterwise
650 _aFinence
942 _hX:8DOr741, M1
_cGB
_2CC
999 _c624349
_d624349